| 000 | 01083nas a2200349 4500 | ||
|---|---|---|---|
| 001 | BR0302658 | ||
| 003 | BR-BrBNA | ||
| 005 | 20231205103821.0 | ||
| 007 | ta | ||
| 008 | 230509b bl.|||p| |||| 00| 00por d | ||
| 040 |
_aBR-BrBNA _bpor _cBiblioteca Nacional de Agricultura |
||
| 041 | _a(Pt) | ||
| 072 | _aP32; P33 | ||
| 100 | 1 | _aRuivo, M.L.P. | |
| 100 | 1 | _aSchaefer, C.E.G.R. | |
| 100 | 1 | _aBarros, N.F. | |
| 100 | 1 | _aAlbuquerque, M.A. | |
| 100 | 1 | _aRibeiro, L.M. | |
| 245 | 1 | _aCaracterização micropedológica de solos reabilitados após exploração de bauxita em Porto Trombetas (PA) | |
| 650 | _aLATOSSOLO | ||
| 650 | _aPEDOLOGIA | ||
| 650 | _aRECUPERAÇÃO DO SOLO | ||
| 650 | _aRECURSO NATURAL | ||
| 650 | _aEXTRAÇÃO | ||
| 650 | _aANÁLISE COMPARATIVA | ||
| 650 | _aFOTOINTERPRETAÇÃO | ||
| 650 | _aPROPRIEDADE FÍSICO-QUÍMICA | ||
| 650 | _aPARÁ | ||
| 773 | 0 |
_tRevista Brasileira de Ciência do Solo (Brazil) _xISSN 0100-0683 _g(Jul-Sep 2002), v. 26(3) p. 759-767 _wBR0302658 |
|
| 909 |
_a202311 _bLúcia _c55 _dLúcia Elande |
||
| 942 |
_2AGRIS _n0 _cANA |
||
| 999 |
_c174875 _d174875 |
||